000 00518nam a2200145Ia 4500
008 090124s9999 xx 000 0 und d
082 _b11384
245 _a समग्र लोकमान्य टिळक खंड-1
250 _a0
260 _bकेसरी प्रकाशन पुणे
_c1974
300 _a155+835+96
630 _a समग्र लोकमान्य टिळक खंड-1
730 _a समग्र लोकमान्य टिळक खंड-1
942 _cBOOK
999 _c87048
_d87048